| Record ID | ia:inquisitioncriti00vaca |
| Source | Internet Archive |
| Download MARC XML | https://archive.org/download/inquisitioncriti00vaca/inquisitioncriti00vaca_marc.xml |
| Download MARC binary | https://www.archive.org/download/inquisitioncriti00vaca/inquisitioncriti00vaca_meta.mrc |
LEADER: 00831cam 2200241 4500
001 2706485
005 20030429134722.0
008 771104s1908 nyu 000 0 eng
010 $a 08007862
035 $a(OCoLC)ocm03392996
035 $9ARF8341CU
040 $aDLC$cCHE$dOCL$dZCU
050 $aBX1711$b.V2
099 $a933.1$aV1332
100 1 $aVacandard, E.$q(Elphège),$d1849-1927.
245 14 $aThe inquisition :$ba critical and historical study of the coercive power of the church /$cby E. Vacandard ; translated from the 2d ed. by Bertrand L. Conway.
260 $aNew York [etc.]$bLongmans, Green,$c1908.
300 $axiv, 284 p. ;$c20 cm.
504 $aBibliography: p. 271-275.
650 0 $aInquisition$xHistory.
700 1 $aConway, Bertrand L.$q(Bertrand Louis),$d1872-1959,$etr.
900 $aAUTH
965 $arcp3167